Prophets denied honor : an anthology on the Hispano church of the United States /

Bibliographic Details
Other Authors: Stevens Arroyo, Antonio M.
Format: Book
Language:English
Published: Maryknoll, N.Y. : Orbis Books, [1980]
Subjects:

MARC

Tag First Indicator Second Indicator Subfields
LEADER 00000pam a2200000 a 4500
001 in00000078226
005 20151008060702.0
008 791210s1980 nyua b 00100 engm
010 |a  79026847  
020 |a 0883443953 
035 |a (OCoLC)05830974 
035 |9 AAJ6334AM 
040 |a DLC  |c DLC  |d m.c.  |d TXA  |d UtOrBLW 
043 |a n-us--- 
049 |a TXAM  |c [1442944] 
050 0 0 |a BX1407.H55  |b P76 
082 0 |a 282/.73 
245 0 0 |a Prophets denied honor :  |b an anthology on the Hispano church of the United States /  |c Antonio M. Stevens Arroyo. 
264 1 |a Maryknoll, N.Y. :  |b Orbis Books,  |c [1980] 
264 4 |c ©1980 
300 |a xvi, 379 pages :  |b illustrations ;  |c 24 cm. 
336 |a text  |b txt  |2 rdacontent 
337 |a unmediated  |b n  |2 rdamedia 
338 |a volume  |b nc  |2 rdacarrier 
500 |a Includes index. 
504 |a Bibliography: pages 364-367. 
610 2 0 |a Catholic Church  |z United States. 
650 0 |a Hispanic Americans  |x Religion. 
700 1 |a Stevens Arroyo, Antonio M. 
999 |a MARS 
999 f f |s 32fdef7a-555b-3402-9281-e8933d1b4b3d  |i d5bb7378-26bb-328c-9e61-53c7404c2129  |t 0 
952 f f |p ric  |a Texas A&M University  |b Rellis Campus  |c Joint Library Facility  |d Remote Storage  |t 0  |e BX1407.H55 P76  |h Library of Congress classification  |i unmediated -- volume  |m A14806092604 
998 f f |a BX1407.H55 P76  |t 0  |l Remote Storage